History Quiz

Random History or Quote Quiz
Score 0/28 Timer 08:00
9 Plays Today
% Correct
Iron
97.9%
Island
96.4%
Impossible
93.8%
Itch
93.8%
Ignore
93.1%
Imitation
92.9%
Ice cubes
92.2%
Idiot
92.1%
Immature
90.2%
Insane
89.1%
Internet
88.2%
Incest
88%
Immortality
86.5%
Idea
84.2%
% Correct
Interrupt
78.4%
Inequality
77.8%
Inspiration
77.4%
Inconstancy
75.7%
Imagination
75.4%
Improbability
71.5%
Ignorance
70.6%
Imperfection
68.8%
Indifference
66.1%
Illusion
61.3%
Invisibility
59.3%
Illegal
58.9%
Initiative
47.8%
Intolerance
42.5%
Remove Ads.
Support Sporcle.
Get the best of Sporcle when you Go Orange. This ad-free experience offers more features, more stats, and more fun while also helping to support Sporcle. Thank you for becoming a member.

You're not logged in!

Compare scores with friends on all Sporcle quizzes.
OR
Log In

Show Comments

Extras

Top Quizzes Today


Score Distribution

Your Account Isn't Verified!

In order to create a playlist on Sporcle, you need to verify the email address you used during registration. Go to your Sporcle Settings to finish the process.

Report this User

Report this user for behavior that violates our Community Guidelines.

Details: